Geology of the Chitina valley and adjacent area, Alaska, (Record no. 27517)

MARC details
000 -LEADER
fixed length control field 00960cam a22002651 4500
001 - CONTROL NUMBER
control field gs 39000071
003 - CONTROL NUMBER IDENTIFIER
control field DLC
005 - DATE AND TIME OF LATEST TRANSACTION
control field 20260227111344.0
008 - FIXED-LENGTH DATA ELEMENTS--GENERAL INFORMATION
fixed length control field 800702s1938 dcuab b f001 0 eng
010 ## - LIBRARY OF CONGRESS CONTROL NUMBER
LC control number gs 39000071
035 ## - SYSTEM CONTROL NUMBER
System control number (OCoLC)6479356
040 ## - CATALOGING SOURCE
Original cataloging agency DLC
Transcribing agency ICharE
Modifying agency DLC
043 ## - GEOGRAPHIC AREA CODE
Geographic area code n-us-ak
050 00 - LIBRARY OF CONGRESS CALL NUMBER
Classification number QE75
Item number .B9 no. 894
051 ## - LIBRARY OF CONGRESS COPY, ISSUE, OFFPRINT STATEMENT
Classification number QE84.C55
Item number M6
100 1# - MAIN ENTRY--PERSONAL NAME
Personal name Moffit, Fred H.
Fuller form of name (Fred Howard),
Dates associated with a name 1874-1958?
245 10 - TITLE STATEMENT
Title Geology of the Chitina valley and adjacent area, Alaska,
Statement of responsibility, etc. by Fred H. Moffit.
260 ## - PUBLICATION, DISTRIBUTION, ETC.
Place of publication, distribution, etc. Washington,
Name of publisher, distributor, etc. U.S. Govt. Print. Off.,
Date of publication, distribution, etc. 1938.
300 ## - PHYSICAL DESCRIPTION
Extent iv, 137 p.
Other physical details illus., xii pl. (incl. 8 fold. maps)
Dimensions 23 cm.
490 0# - SERIES STATEMENT
Series statement U.S. Geological survey. Bulletin 894
500 ## - GENERAL NOTE
General note At head of title: United States Department of the Interior...Geological survey...
504 ## - BIBLIOGRAPHY, ETC. NOTE
Bibliography, etc. note Bibliography: p.6-8.
650 #0 - SUBJECT ADDED ENTRY--TOPICAL TERM
Topical term or geographic name entry element Geology
Geographic subdivision Alaska
-- Chitina River Valley.
740 0# - ADDED ENTRY--UNCONTROLLED RELATED/ANALYTICAL TITLE
Uncontrolled related/analytical title Chitina valley and adjacent area, Alaska, Geology of the

No items available.

Powered by Koha